De potencia á potencia (Record no. 163809)

MARC details
000 -LEADER
campo de control de longitud fija 00829nam a22001935i 4500
001 - NÚMERO DE CONTROL
campo de control 163809
003 - IDENTIFICADOR DE NÚMERO DE CONTROL
campo de control ES-MaACL
005 - FECHA Y HORA DE LA ÚLTIMA TRANSACCIÓN
campo de control 20250929063238.0
008 - DATOS DE LONGITUD FIJA--INFORMACIÓN GENERAL
campo de control de longitud fija 050719s1868 sp | |||||||| ||spa d
040 ## - FUENTE DE CATALOGACIÓN
Centro catalogador/agencia de origen CAM
Lengua de catalogación spa
Centro/agencia transcriptor CAM
100 1# - ENTRADA PRINCIPAL--NOMBRE DE PERSONA
Nombre de persona Rodríguez Rubí, Tomás,
Fechas asociadas al nombre 1817-1890
9 (RLIN) 131953
245 10 - MENCIÓN DEL TÍTULO
Título De potencia á potencia
Resto del título : comedia en un acto y en verso /
Mención de responsabilidad, etc. original de Tomás Rodríguez Rubí.
250 ## - MENCION DE EDICION
Mención de edición 5ª ed.
260 ## - PUBLICACIÓN, DISTRIBUCIÓN, ETC.
Lugar de publicación, distribución, etc. Salamanca :
Nombre del editor, distribuidor, etc. [s.n.],
Fecha de publicación, distribución, etc. 1868 (
Fabricante Establecimiento tipográfico del Hospicio)
300 ## - DESCRIPCIÓN FÍSICA
Extensión 32 p. ;
Dimensiones 18 cm.
594 ## - Nota al título y mención de responsabilidad
Nota al título y mención de responsabilidad En port. consta: Nº 237.
852 ## - LOCALIZACIÓN
Ubicación ES-MaACL
Número de control de estantería F-8585(11)
Nota libre -- Enc. pasta española
-- -- Ex-libris ms. de Gustavo Saenz Diez, 1874
-- -- Enc. en un vol. facticio, formando parte de la col. facticia: "Teatro español moderno", vol. 38
Holdings
Estatus retirado Estado de pérdida Estado de daño No para préstamo Colección Biblioteca de origen Biblioteca actual Ubicación en estantería Fecha de adquisición Total de préstamos Signatura topográfica completa Código de barras Visto por última vez Precio de reemplazo Tipo de ítem Koha
        Libros del s. XIX Biblioteca del Ateneo de Madrid Biblioteca del Ateneo de Madrid Sala Pecera Planta 2 17/01/2008   F-8585(11) 1171670 23/02/2023 23/02/2023 Libro impreso antiguo